00198nam a2200073zu 4500008004100000245003500041260004000076300000800116260113b1973 mx a|||b i||| 001 0 spa d aUN NUEVO TESORO DE LA JUVENTUD aMÉXICO:bJACKSON, W. M. INCc1973 a352